01522nab a22002537a 4500999001500000003000400015005001700019008004100036040000700077100003700084245009500121260007200216300001500288500005100303505053100354505008900885650002700974650002501001650003401026650002601060650003001086773013901116942001301255 c6026d6026OSt20260116194738.0190605e xxu||||| |||| 00| 0 spa d cPJ aIglesias, Julián Leonel 9682813aLa seguridad social, rama autónoma del derecho del trabajo /cJulián Leonel Iglesias.  aCiudad Autónoma de Buenos Aires :bThomson Reuters La Ley,c2025. ap. 213-219 aCita Online: Cita: TR LALEY AR/DOC/1551/2025. aSumario: I. Palabras preliminares.— II. Introducción.— III. El modelo tradicional: trabajo formal como puerta de entrada.— IV. Nuevas formas de trabajo, viejas estructuras.— V. Deslaboralizar: un imperativo de inclusión y sostenibilidad.— VI. Objeciones frecuentes y respuestas.— VII. El modelo argentino en búsquedas del desarrollo nacional.— VIII. La seguridad social en Argentina: un modelo centrado en el trabajo formal.— IX. Objeciones y contraargumentos.— X. Conclusiones.— XI. Bibliografía.  t¿Te interesa el texto completo? Solicitalo al correo: koha@justierradelfuego.gov.ar 091395aSEGURIDAD SOCIAL 091408aOBRAS SOCIALES 091394aASIGNACIONES FAMILIARES 09614aDERECHOS HUMANOS 0aSISTEMA PREVISIONAL921530 0271193168dCiudad Autónoma de Buenos Aires : Thomson Reuters La Ley, 1999-2002.tRevista de derecho del trabajo. Nº 4 - Julio 2025 2udccANA